|
|
|
|
| LEADER |
03127nam a2200805 4500 |
| 001 |
ocn781848580 |
| 003 |
OCoLC |
| 005 |
20170124070717.3 |
| 006 |
m o d |
| 007 |
cr cnu---unuuu |
| 008 |
120326s2012 enk ob 001 0 eng |
| 010 |
|
|
|a 2012012624
|
| 040 |
|
|
|a DLC
|b eng
|e pn
|c DLC
|d YDX
|d N$T
|d YDXCP
|d DG1
|d E7B
|d CDX
|d EBLCP
|d COO
|d CCO
|d UBY
|d NLGGC
|d UKDOC
|d OCLCF
|d OCLCQ
|d OCLCO
|d OCLCQ
|d DEBBG
|d AZK
|d OCLCQ
|d GrThAP
|
| 019 |
|
|
|a 810531424
|a 961531404
|a 962709685
|
| 020 |
|
|
|a 9781118340929
|q (ePub)
|
| 020 |
|
|
|a 1118340922
|q (ePub)
|
| 020 |
|
|
|a 9781118340905
|q (MobiPocket)
|
| 020 |
|
|
|a 1118340906
|q (MobiPocket)
|
| 020 |
|
|
|a 9781119941002
|q (Adobe PDF)
|
| 020 |
|
|
|a 1119941008
|q (Adobe PDF)
|
| 020 |
|
|
|a 9781118340899
|q (electronic bk.)
|
| 020 |
|
|
|a 1118340892
|q (electronic bk.)
|
| 020 |
|
|
|a 9781283549790
|q (MyiLibrary)
|
| 020 |
|
|
|a 1283549794
|q (MyiLibrary)
|
| 020 |
|
|
|z 9781119979685
|q (pbk.)
|
| 020 |
|
|
|z 1119979684
|q (Paper)
|
| 024 |
8 |
|
|z 9786613862242
|
| 029 |
1 |
|
|a AU@
|b 000048927726
|
| 029 |
1 |
|
|a DEBBG
|b BV040887715
|
| 029 |
1 |
|
|a DEBBG
|b BV042795234
|
| 029 |
1 |
|
|a NLGGC
|b 34546995X
|
| 029 |
1 |
|
|a NZ1
|b 14793091
|
| 029 |
1 |
|
|a AU@
|b 000058371603
|
| 029 |
1 |
|
|a DEBBG
|b BV043394376
|
| 035 |
|
|
|a (OCoLC)781848580
|z (OCoLC)810531424
|z (OCoLC)961531404
|z (OCoLC)962709685
|
| 037 |
|
|
|a 386224
|b MIL
|
| 042 |
|
|
|a pcc
|
| 050 |
0 |
0 |
|a RJ499
|
| 060 |
1 |
0 |
|a WS 350
|
| 072 |
|
7 |
|a MED
|x 105010
|2 bisacsh
|
| 082 |
0 |
0 |
|a 618.92/89
|2 23
|
| 049 |
|
|
|a MAIN
|
| 100 |
1 |
|
|a Goodman, Robert,
|c MRCPsych.
|
| 245 |
1 |
0 |
|a Child and adolescent psychiatry /
|c Robert Goodman and Stephen Scott.
|
| 250 |
|
|
|a 3rd edition.
|
| 264 |
|
1 |
|a Chichester, West Sussex :
|b Wiley-Blackwell,
|c 2012.
|
| 300 |
|
|
|a 1 online resource.
|
| 336 |
|
|
|a text
|b txt
|2 rdacontent
|
| 337 |
|
|
|a computer
|b c
|2 rdamedia
|
| 338 |
|
|
|a online resource
|b cr
|2 rdacarrier
|
| 347 |
|
|
|a data file
|2 rda
|
| 380 |
|
|
|a Bibliography
|
| 500 |
|
|
|a Revised edition of: Child psychiatry / Robert Goodman and Stephen Scott. 2nd ed. Oxford, UK : Blackwell, 2005.
|
| 504 |
|
|
|a Includes bibliographical references and index.
|
| 588 |
0 |
|
|a Print version record and CIP data provided by publisher.
|
| 505 |
0 |
|
|a pt. 1. Assessment, classification and epidemiology -- pt. 2. Specific disorders and presentations -- pt. 3. Risk factors -- pt. 4. Treatment and services.
|
| 650 |
|
0 |
|a Child psychiatry.
|
| 650 |
|
0 |
|a Adolescent psychiatry.
|
| 650 |
|
2 |
|a Mental Disorders.
|
| 650 |
|
2 |
|a Adolescent.
|
| 650 |
|
2 |
|a Child.
|
| 650 |
|
7 |
|a MEDICAL
|x Psychiatry
|x Child & Adolescent.
|2 bisacsh
|
| 650 |
|
7 |
|a Adolescent psychiatry.
|2 fast
|0 (OCoLC)fst00797015
|
| 650 |
|
7 |
|a Child psychiatry.
|2 fast
|0 (OCoLC)fst00854531
|
| 655 |
|
4 |
|a Electronic books.
|
| 700 |
1 |
|
|a Scott, Stephen,
|c MRCPsych.
|
| 700 |
1 |
|
|a Goodman, Robert,
|c MRCPsych.
|t Child psychiatry.
|
| 776 |
0 |
8 |
|i Print version:
|a Goodman, Robert, MRCPsych.
|t Child and adolescent psychiatry.
|b 3rd ed.
|d Chichester, West Sussex : John Wiley & Sons, 2012
|z 9781119979685
|w (DLC) 2012011738
|
| 856 |
4 |
0 |
|u https://doi.org/10.1002/9781118340899
|z Full Text via HEAL-Link
|
| 994 |
|
|
|a 92
|b DG1
|